Štát kupuje pohľadávky.
Zoznam podnikov, ktorých pohľadávky odkupuje štát (SR) prostredníctvom Konsolidačnej banky, š.p.ú. Bratislava a vznikli zásahom štátu po r. 1989 (z realizácie vývozov na základe medzivládných dohôd, embargom voči Iraku a Juhoslávii).
Salvato in:
| Natura: | Capitolo di libro |
|---|---|
| Lingua: | slovacco |
| Soggetti: | |
| Tags: |
Nessun Tag, puoi essere il primo ad aggiungerne!!
|
MARC
| LEADER | 00000naa a2200000 4500 | ||
|---|---|---|---|
| 001 | r012275 | ||
| 005 | 20220826094322.0 | ||
| 041 | 0 | |a slo | |
| 044 | |a SK | ||
| 245 | 1 | 0 | |a Štát kupuje pohľadávky. |
| 520 | |a Zoznam podnikov, ktorých pohľadávky odkupuje štát (SR) prostredníctvom Konsolidačnej banky, š.p.ú. Bratislava a vznikli zásahom štátu po r. 1989 (z realizácie vývozov na základe medzivládných dohôd, embargom voči Iraku a Juhoslávii). | ||
| 610 | 2 | 0 | |a Konsolidačná banka, š.p.ú. Bratislava |
| 610 | 2 | 0 | |a vývoz |
| 610 | 2 | 0 | |a pohľadávky |
| 610 | 2 | 0 | |a štát |
| 610 | 2 | 0 | |a podnik |
| 610 | 2 | 0 | |a Slovensko |